000 00955nam a2200277 i 4500
003 OSt
005 20260530113916.0
008 260508b2007 mx a|||| |||| 00| 0 spa d
040 _aICI
_bspa
_cICI
041 _aspa
050 _aNA680
_b.S65
100 _eautor
245 _aSoluciones arquitectónicas
260 _a México :
_bPanorama.
300 _a410 páginas :
_bilustraciones, planos ;
336 _2rdacontent
_atexto
337 _2rdamedia
_asin medio
338 _2rdacarrier
_avolumen
520 _aObra dedicada al análisis y presentación de propuestas arquitectónicas contemporáneas aplicadas al diseño de espacios habitacionales y urbanos.
650 _aArquitectura moderna
_ySiglo XXI.
_934115
650 _aDiseño arquitectónico.
_934116
650 _aPlanificación arquitectónica.
_934117
650 _aEdificios
_xDiseño y construcción.
_934118
650 _aArquitectura sostenible.
_934119
942 _2lcc
_cBK
_n1
999 _c12298
_d12298